LEADER 01003nam a2200217 i 4500 001 000000021658 003 CaOOAMICUS 005 20180830125445.0 008 180830s1933 gw u000 u und u 040 $aSeMil$bita 100 1 $aSchmidlin, Josef <1876-1943>.$0(OLS)http://semarc/name/9691 245 10$aPapstgeschichte der neuesten Zeit /$cJosef Schmidlin. 260 $aMünchen :$bKösel und Pustet,$c1933. 300 $av. ;$c25 cm. 500 $aPosseduto solo il vol. 1. 650 4$aPapi - Storia - Fonti.$0(OLS)http://semarc/subject/1334 650 4$aPapato - Storia - Origini.$0(OLS)http://semarc/subject/44831 650 4$aPapi - Storia.$0(OLS)http://semarc/subject/3375 774 0 $aSchmidlin, Josef <1876-1943>$tPapsttum und Päpste im Zeitalter der Restauration, 1800-1846.$dMünchen : Kösel und Pustet, 1933.$gBd.1$w()178963 996 $6245$aPapstgeschichte der neuesten Zeit$9(OLS)http://semarc/title/28713 996 $6260$aMünchen :$bKösel und Pustet$9(OLS)http://semarc/publisher/30675 LEADER 01730nam a2200361 i 4500 001 000000182500 003 CaOOAMICUS 005 20091026000000.0 008 091026s2009 it u000 u ita u 013 $a160455 020 $a978-88-7511-113-7 040 $aSeMil$bita 100 1 $aRonzoni, Domenico Flavio.$0(OLS)http://semarc/name/7261 245 10$aAchille Ratti :$bil prete alpinista che diventō papa /$cDomenico Flavio Ronzoni. 260 $aMissaglia :$bBellavite,$c2009. 300 $a263 p. :$bill. (b/n) ;$c25 cm. 500 $aSeguono: Scritti alpinistici del sacerdote dottor Achille Ratti (ora S.S. Pio papa 11.) / [a cura di] Giovanni Bobba e Francesco Mauro. 600 04$aPio XI .$0(OLS)http://semarc/subject/2399 650 4$aPio XI - Attivitā alpinistica.$0(OLS)http://semarc/subject/34528 700 1 $aBobba, Giovanni.$0(OLS)http://semarc/name/34094 700 1 $aMauro, Francesco.$0(OLS)http://semarc/name/34095 700 0 $aPius XI,$c.$0(OLS)http://semarc/name/3465 774 0 $tLettera apostolica di S.S. Pio Papa 11. su San Bernardo da Mentone, dichiarato patrono degli alpinisti.$w()306878 850 $aSeMil 852 $aSeMil$W1$xVenegono$y1$m3A V 53$j133204$B133204$CSeMilBibl$Z2$F145134 $81 900 1 $aRatti, Achille,$d<1857-1939>. 900 0 $aPio XI$c. 961 $aAcquisto: DEA 996 $6020$a978-88-7511-113-7$9(OLS)http://semarc/number/172108 996 $6245$aAchille Ratti :$bil prete alpinista che diventō papa$9(OLS)http://semarc/title/261837 996 $6260$aMissaglia :$bBellavite$9(OLS)http://semarc/publisher/32362